000 00852nam0a22002291 4500
001 rc\4610548
005 20250611205159.0
035 _a(NLR Aleph) 008393553
090 _a9192139
_c9192139
100 _a20130416d1962 |||y0rusy50 ca
101 0 _arus
102 _aRU
105 _ay z |||||
200 1 _aОсновные показатели медицинского обслуживания сельского населения за 1961 год
_fМ-во здрав. РСФСР. Науч.-метод. бюро сан. статистики
_iРайонные больницы с сельским райцентром
210 _aМосква
_cБ. и.
_d1962
215 _a71 с.
_d21
333 _aДСП. Экз. № 000448
801 0 _aRU
_bNLR
_gpsbo
801 1 _aRU
_bELAR
_2rusmarc
852 _aNLR
_j62-6/11330
942 _cBOOK
980 _aNB